|
|
|
|
| LEADER |
01258nam a2200253 a 4500 |
| 001 |
4092220 |
| 008 |
100704r1998 enka b 001 0 eng d |
| 010 |
|
|
|a 73175843
|
| 020 |
|
|
|a 8175120134
|
| 020 |
|
|
|a 0716100703
|
| 040 |
|
|
|a DLC
|c DLC
|d DLC
|d DB-DhAAL
|
| 082 |
0 |
0 |
|a 658.1/5
|2 20
|
| 245 |
0 |
0 |
|a Financial management handbook.
|
| 260 |
|
|
|a Upper Saddle River, N.J. ;
|a New Delhi :
|b Global Books & Subcription Services,
|c 1998.[reprinted]
|
| 300 |
|
|
|a ii, 604 p. :
|b ill. ;
|c 26 cm.
|
| 504 |
|
|
|a Includes bibliographical references and index.
|
| 541 |
1 |
|
|e 00011744
|
| 650 |
|
0 |
|a Corporations
|x Finance
|x Handbooks, manuals, etc.
|
| 650 |
|
0 |
|a Business enterprises
|x Finance
|x Handbooks, manuals, etc.
|
| 852 |
4 |
|
|a Ayesha Abed Library
|j General Shelf.
|
| 999 |
|
|
|c 9174
|d 9174
|
| 952 |
|
|
|0 0
|1 0
|2 ddc
|4 0
|6 658_150000000000000_FIN_1998
|7 0
|9 11533
|a BRACUL
|b BRACUL
|c GEN
|d 2010-07-04
|l 2
|m 17
|o 658.15 FIN
|p 3010011744
|q 2026-02-08
|r 2025-08-14
|s 2025-08-14
|t 1
|w 2010-07-04
|y BK
|
| 952 |
|
|
|0 0
|1 0
|2 ddc
|4 0
|6 658_150000000000000_FIN
|7 0
|9 43200
|a SCL
|b SCL
|c GEN
|d 2001-04-18
|l 1
|o 658.15 FIN
|p 3020003102
|r 2018-03-03
|s 2018-03-03
|t 2
|w 2014-07-16
|y BK
|
| 952 |
|
|
|0 0
|1 0
|2 ddc
|4 0
|6 658_150000000000000_FIN
|7 0
|9 43201
|a SCL
|b SCL
|c GEN
|d 1998-11-07
|l 0
|o 658.15 FIN
|p 3020000265
|r 2014-07-16
|t 3
|w 2014-07-16
|y BK
|